| 000 | 00000nam##2200000za#4500 |
| 001 | 9.642180 |
| 003 | CaOODSP |
| 005 | 20210624223557 |
| 007 | cr ||||||||||| |
| 008 | 150407|1998||||xxc|||||o f|0| 0 fre|d |
| 040 | |aCaOODSP|bfre |
| 043 | |an-cn--- |
| 086 | 1 |aRH64-113/1998F-PDF |
| 110 | 1 |aCanada.|bDéveloppement des ressources humaines Canada. |bPolitique stratégique. |
| 245 | 10|aÉvaluation formative des prestations d'emploi et mesures de soutien : |h[ressource électronique]|brapport final / |c[par] Évaluation et développement des données. |
| 260 | |aOttawa - Ontario : |bDéveloppement des ressources humaines Canada. |cLe 17 août 1998. |
| 300 | |a96p.|bfigures, tableaux |
| 590 | |a13-18-Supp|b2013-08-01 |
| 775 | 08|tFormative evaluation of the employment benefits and support measures : |w(CaOODSP)9.698188 |
| 856 | 40|ahttp://publications.gc.ca|qPDF|s312 Ko|uhttps://publications.gc.ca/collections/collection_2013/rhdcc-hrsdc/RH64-113-1998-fra.pdf |
| 986 | |aSP-AH 069F-08-98 |